[Event "European Rapid Championship"]
[Site "Warsaw POL"]
[Date "2010.12.18"]
[Round "3"]
[White "Kula,R"]
[Black "Fridman,D"]
[Result "0-1"]
[WhiteElo "2351"]
[BlackElo "2645"]

1.d4 d5 2.c4 e6 3.Nc3 c6 4.Nf3 Nf6 5.e3 a6 6.c5 Nbd7 7.a3 g6 8.b4 Bg7 9.Bb2 O-O
10.Bd3 b6 11.cxb6 Nxb6 12.Ne5 Qd6 13.O-O Nfd7 14.f4 f6 15.Nxd7 Bxd7 16.Na4 Nxa4
17.Qxa4 e5 18.Qa5 exf4 19.exf4 Bh6 20.Bc1 Rfe8 21.Bd2 Bf5 22.Bxf5 gxf5 23.Rae1 Re4
24.Rxe4 fxe4 25.Be3 f5 26.g3 Qb8 27.Rc1 Qb5 28.Qxb5 axb5 29.Rc3 Ra6 30.Kf2 Kf7
31.h3 Bg7 32.Ke2 Ke6 33.Bf2 Kd7 34.Be3 Bf8 35.Kf2 h5 36.h4 c5 37.bxc5 Ra4
38.Rb3 Kc6 39.Rb2 Bg7 40.Rd2 Rxa3 41.Ke2 Ra4 42.Rd1 Rc4 43.Rd2 b4 44.Kd1 b3
45.Ke2 Kb5 46.Kd1 Kb4 47.g4 hxg4 48.h5 Ka3 49.Ke2 b2 50.Rd1 Ka2 51.Bf2 Rc2+
52.Ke3 b1=Q 53.Rxb1 Kxb1 54.Bh4 Kc1 55.Bg5 Kd1  0-1

[Event "European Rapid Championship"]
[Site "Warsaw POL"]
[Date "2010.12.18"]
[Round "3"]
[White "Moiseenko,A1"]
[Black "Przybylski,W"]
[Result "1-0"]
[WhiteElo "2670"]
[BlackElo "2344"]

1.d4 d5 2.c4 c6 3.Nc3 Nf6 4.Nf3 e6 5.e3 Nbd7 6.Bd3 dxc4 7.Bxc4 b5 8.Bd3 Bd6
9.O-O O-O 10.a3 Bb7 11.Qc2 h6 12.h3 Re8 13.e4 e5 14.Be3 exd4 15.Nxd4 a6 16.Nf3 Ne5
17.Nxe5 Bxe5 18.f4 Bd4 19.Bxd4 Qxd4+ 20.Kh2 c5 21.e5 c4 22.Bf5 Nd5 23.Rad1 Qc5
24.Nxd5 Bxd5 25.Qf2 Qxf2 26.Rxf2 Be6 27.Bxe6 Rxe6 28.Rd7 Kf8 29.Rfd2 Re7
30.R7d6 Ke8 31.Rb6 Rc7 32.Rdd6 c3 33.bxc3 Rxc3 34.Rb7 Rc4 35.Kg3 Rd8 36.Rxd8+ Kxd8
37.Rxf7 a5 38.Rxg7 Rc3+ 39.Kg4 Rxa3 40.e6 b4 41.Rd7+ Ke8 42.f5 Re3 43.Ra7 Re4+
44.Kf3 Re5 45.Kf4 Re2 46.Rxa5 b3 47.Rb5 b2 48.Rb7 Rxg2 49.Ke5 Rd2 50.Ke4  1-0

[Event "European Rapid Championship"]
[Site "Warsaw POL"]
[Date "2010.12.18"]
[Round "6"]
[White "Maiorov,N1"]
[Black "Sudakova,I"]
[Result "1-0"]
[WhiteElo "2546"]
[BlackElo "2350"]

1.d4 d5 2.c4 e6 3.Nf3 c6 4.e3 Nf6 5.Nc3 Nbd7 6.Qc2 Bd6 7.Bd3 dxc4 8.Bxc4 O-O
9.O-O a6 10.a4 c5 11.Rd1 Qc7 12.Qe2 cxd4 13.exd4 Nb6 14.Bb3 Bf4 15.Bxf4 Qxf4
16.Qe5 Qxe5 17.dxe5 Ng4 18.h3 Nh6 19.a5 Nd7 20.Ba4 Nc5 21.Bc2 f6 22.b4 Nd7
23.Bb3 Nxe5 24.Nxe5 fxe5 25.Na4 Kf7 26.Nb6 Rb8 27.Rac1 Nf5 28.Rc7+ Kf6 29.Ba4 Nd4
30.Kf1 Rd8 31.Bd7 Bxd7 32.Nxd7+ Rxd7 33.Rxd7 b6 34.Rd6 bxa5 35.bxa5 Rb5 36.Rxa6 Nb3
37.Rb6  1-0

[Event "European Rapid Championship"]
[Site "Warsaw POL"]
[Date "2010.12.19"]
[Round "11"]
[White "Szymanski,M"]
[Black "Andriasian,Z"]
[Result "0-1"]
[WhiteElo "2410"]
[BlackElo "2585"]

1.d4 d5 2.c4 c6 3.e3 Nf6 4.Nc3 e6 5.Nf3 Nbd7 6.Bd3 dxc4 7.Bxc4 Bd6 8.O-O b5
9.Bd3 O-O 10.a4 b4 11.Ne4 Nxe4 12.Bxe4 Bb7 13.Nd2 Qc7 14.h3 c5 15.Qf3 Bxe4
16.Nxe4 c4 17.Bd2 a5 18.Rfc1 Nb6 19.Nxd6 Qxd6 20.e4 Qc6 21.Be3 Rac8 22.b3 c3
23.Re1 Qb7 24.Qh5 Qxe4 25.Qxa5 Nd5 26.Qb5 Qc2 27.a5 Qxb3 28.a6 Qc4 29.Qd7 Rc7
30.Qd6 Rc6 31.Qg3 Nxe3 32.Qxe3  0-1

[Event "European Rapid Championship"]
[Site "Warsaw POL"]
[Date "2010.12.19"]
[Round "13"]
[White "Bagrationi,A"]
[Black "Baghdasaryan,V"]
[Result "1-0"]
[WhiteElo "2460"]
[BlackElo "2303"]

1.d4 d5 2.c4 c6 3.Nf3 Nf6 4.e3 e6 5.Nc3 Nbd7 6.Bd3 Bd6 7.O-O O-O 8.e4 dxc4
9.Bxc4 e5 10.Bg5 Qe7 11.Re1 Rd8 12.d5 h6 13.Bh4 Nf8 14.dxc6 bxc6 15.Qa4 g5
16.Bg3 Bg4 17.Nd2 Bb4 18.Nf1 Rd4 19.Ne3 N8d7 20.Qxc6 Rb8 21.Nxg4 Nxg4 22.Nd5 Qd6
23.Nxb4 Rxb4 24.Qxd6 Rxd6 25.b3 Ngf6 26.f3 Rd2 27.Red1 Rc2 28.a3 Rb7 29.Rac1 Ra2
30.a4 Nh5 31.Bd5 Rb8 32.b4 Nxg3 33.hxg3 Re2 34.Bxf7+ Kxf7 35.Rxd7+ Kg8 36.Rxa7 g4
37.fxg4 Rxe4 38.b5 Rxg4 39.b6 Rb4 40.a5 e4 41.Rac7 e3 42.Rc8+ Rxc8 43.Rxc8+ Kf7
44.Kf1 Ke7 45.a6  1-0

[Event "European Rapid Championship"]
[Site "Warsaw POL"]
[Date "2010.12.19"]
[Round "13"]
[White "Moranda,W"]
[Black "Krzyzanowski,M"]
[Result "1-0"]
[WhiteElo "2578"]
[BlackElo "2342"]

1.d4 d5 2.c4 c6 3.Nc3 Nf6 4.e3 e6 5.Nf3 Nbd7 6.Bd3 Bd6 7.e4 dxe4 8.Nxe4 Nxe4
9.Bxe4 Nf6 10.Bc2 c5 11.O-O h6 12.b3 cxd4 13.Qxd4 Qe7 14.Bb2 b6 15.Rad1 Bc5
16.Qf4 Bb7 17.Qg3 Nh5 18.Qh3 Nf6 19.Nd4 O-O 20.Rfe1 Qc7 21.Nb5 Qf4 22.Qg3 Qxg3
23.hxg3 a6 24.Nd6 Bc6 25.Bxf6 gxf6 26.Be4 Bxe4 27.Nxe4 Be7 28.Rd7 Rfe8 29.g4 Kg7
30.Rb7 Rab8 31.Rd7 Kg6 32.Red1 f5 33.gxf5+ Kxf5 34.f3 f6 35.Kf2 Kg6 36.Ke2 f5
37.Nf2 Kf6 38.Ra7 b5 39.Rc1 bxc4 40.Rxc4 Rb6 41.Rd7 e5 42.Rdc7 Bd6 43.R7c6 Reb8
44.g4 Ke6 45.gxf5+ Kxf5 46.Ne4 Rxc6 47.Rxc6 Be7 48.Rxh6 a5 49.Ra6 Rb5 50.Nd2 Kf4
51.Nc4 Bb4 52.Rf6+ Kg5 53.Rf7 Kg6 54.Rd7 Kg5 55.Kd3 Kf5 56.Ke3 Bc5+ 57.Ke2 Bb4
58.Ne3+ Ke6 59.Rc7 Rb8 60.Rc6+ Kd7 61.Ra6 Rh8 62.Ng4 Ke7 63.Nxe5 Rh2+ 64.Kd3 Rd2+
65.Ke3 Rxa2 66.Nc6+ Kd7 67.Nxb4 Rb2 68.Rxa5 Rxb3+ 69.Nd3  1-0

[Event "Tancat Magistral"]
[Site "Sabadell ESP"]
[Date "2010.12.20"]
[Round "7"]
[White "Aloma Vidal,R"]
[Black "Alonso Rosell,A"]
[Result "1-0"]
[WhiteElo "2435"]
[BlackElo "2491"]

1.d4 d5 2.c4 c6 3.Nf3 Nf6 4.Nc3 e6 5.e3 Nbd7 6.Bd3 dxc4 7.Bxc4 b5 8.Bd3 Bd6
9.Ng5 a6 10.O-O Bb7 11.Qf3 Qc7 12.Qh3 h6 13.e4 Bxh2+ 14.Kh1 c5 15.d5 Be5
16.dxe6 hxg5 17.Qxh8+ Ke7 18.Qh3 g4 19.Qh4 fxe6 20.f4 gxf3 21.Rxf3 Rg8 22.a3 Kd8
23.Bc2 Kc8 24.Be3 Kb8 25.Rh3 g6 26.Rf1 Bd4 27.Bf4 Be5 28.Qg5 Nh5 29.Rxh5 Rf8
30.Rh4 Ka7 31.Rf3 Rd8 32.Rh7 Bxf4 33.Rxf4 Re8 34.Rff7 Bc8 35.e5  1-0

[Event "Schaakfestival Open A"]
[Site "Groningen NED"]
[Date "2010.12.21"]
[Round "1.4"]
[White "Bluvshtein,M"]
[Black "Baghdasaryan,V"]
[Result "0-1"]
[WhiteElo "2587"]
[BlackElo "2303"]

1.d4 d5 2.c4 c6 3.e3 Nf6 4.Nc3 e6 5.Nf3 Nbd7 6.Qc2 Bd6 7.Be2 O-O 8.O-O dxc4
9.Bxc4 a6 10.Rd1 b5 11.Bd3 Bb7 12.e4 e5 13.dxe5 Nxe5 14.Nxe5 Bxe5 15.Kf1 Bxh2
16.Bxb5 Qc7 17.Be2 Be5 18.Bf3 Rfe8 19.Bg5 a5 20.Na4 c5 21.Rac1 Bf4 22.Bxf4 Qxf4
23.Nxc5 Rac8 24.Qa4 Qh2 25.g3 Bc6 26.Qxa5 Rb8 27.a4 g6 28.Rc4 Ng4 29.Nd3 Rxb2
30.Qc5 Ra2 31.Bg2 Bxa4 32.Rdc1 Bb5 33.Qg5 Bxc4 34.Rxc4 Ra1+ 35.Rc1 Rxc1+
36.Qxc1 Qh5 37.Qc6 Rd8 38.Nf4 Nh2+ 39.Kg1 Rd1+ 40.Bf1 Rxf1+ 41.Kg2 Qf3+ 42.Kh3 Ng4  0-1

[Event "48th ch-IND"]
[Site "New Delhi IND"]
[Date "2010.12.21"]
[Round "12"]
[White "Arun Prasad,S"]
[Black "Negi,P"]
[Result "0-1"]
[WhiteElo "2519"]
[BlackElo "2603"]

1.d4 d5 2.c4 e6 3.Nc3 c6 4.e3 Nf6 5.Nf3 Nbd7 6.Qc2 Bd6 7.b3 O-O 8.Be2 b6
9.O-O Bb7 10.Bb2 Qe7 11.Rad1 Rfe8 12.Rfe1 Rac8 13.e4 e5 14.dxe5 Nxe5 15.Nd4 Bc5
16.cxd5 cxd5 17.Bb5 Bxd4 18.Rxd4 Red8 19.f4 Ng6 20.Qf2 dxe4 21.Rxd8+ Rxd8
22.h3 Qc7 23.Ne2 a6 24.Rc1 Qd6 25.Be5 e3 26.Qg3 Qd2 27.Bc3 Qxa2 28.f5 axb5
29.fxg6 Qxe2 30.gxf7+ Kxf7 31.Bxf6 Qf2+  0-1

[Event "48th ch-IND"]
[Site "New Delhi IND"]
[Date "2010.12.21"]
[Round "12"]
[White "Thejkumar,M"]
[Black "Navin,K"]
[Result "0-1"]
[WhiteElo "2448"]
[BlackElo "2369"]

1.d4 d5 2.c4 c6 3.Nc3 Nf6 4.e3 e6 5.Nf3 Nbd7 6.Qc2 Bd6 7.Bd3 O-O 8.O-O dxc4
9.Bxc4 a6 10.a4 c5 11.dxc5 Bxc5 12.Rd1 Qc7 13.b3 b6 14.Ne4 Nxe4 15.Qxe4 Bb7
16.Qh4 Ne5 17.Bb2 Nxf3+ 18.gxf3 Bxf3 19.Bxg7 Kxg7 20.Qg5+ Kh8 21.Qf6+ Kg8
22.Qxf3 Qe5 23.Rac1 Kh8 24.Kh1 Rg8 25.Qxf7 Raf8 26.Qxe6 Qh5 27.Qd5 Rg5 28.Qe4 Rxf2
29.Rd8+ Bf8 30.Qd4+ Rg7 31.Rxf8+ Rxf8 32.Bd5 Qg5 33.b4 Rd8 34.Rd1 Rd6 35.Qc4 Qg4
36.Qxg4 Rxg4 37.b5 a5 38.Bf3 Rxd1+ 39.Bxd1 Rb4  0-1

[Event "63rd ch-RUS"]
[Site "Moscow RUS"]
[Date "2010.12.22"]
[Round "11"]
[White "Tomashevsky,E"]
[Black "Jakovenko,D"]
[Result "1/2-1/2"]
[WhiteElo "2699"]
[BlackElo "2726"]

1.c4 e6 2.Nc3 d5 3.d4 c6 4.e3 Nf6 5.Nf3 a6 6.b3 Bb4 7.Bd2 Nbd7 8.Bd3 O-O
9.O-O Bd6 10.Qc2 h6 11.h3 e5 12.cxd5 cxd5 13.e4 dxe4 14.Nxe4 Nxe4 15.Bxe4 exd4
16.Nxd4 Nf6 17.Bf3 Be5 18.Bc3 Qb6 19.Rad1 Bd7 20.Qd2 Rac8 21.Ba5 Qa7 22.Qb4 b5
23.Rfe1 Rfe8 24.a4 bxa4 25.bxa4 Rb8 26.Qc4 Rbc8 27.Qb4 Rb8 28.Qc4 Rbc8  1/2-1/2

[Event "Azerbaijanian Solidarity Day"]
[Site "Baku AZE"]
[Date "2010.12.23"]
[Round "2.5"]
[White "Gasanov,E"]
[Black "Mammadov,Z"]
[Result "1-0"]
[WhiteElo "2488"]
[BlackElo "2443"]

1.d4 d5 2.c4 c6 3.Nc3 Nf6 4.e3 e6 5.Nf3 Nbd7 6.Bd3 dxc4 7.Bxc4 b5 8.Bd3 Bb7
9.O-O b4 10.Ne4 Be7 11.Nxf6+ Nxf6 12.e4 O-O 13.e5 Nd5 14.Qc2 g6 15.Bh6 Re8
16.Nd2 Qb6 17.Nb3 a5 18.Nc5 Bxc5 19.dxc5 Qc7 20.Qe2 Qe7 21.Rac1 a4 22.a3 bxa3
23.bxa3 Ra5 24.Qg4 Rxc5 25.Bg5 Qf8 26.Qxa4 Ra8 27.Qh4 Rxc1 28.Bxc1 Ba6 29.Bxa6 Rxa6
30.Rd1 Qa8 31.h3 c5 32.Bh6 Ra4 33.Qg5 Re4 34.Rxd5 Re1+ 35.Kh2 Qxd5 36.Qe7 Qxe5+
37.f4 Qb8 38.Qf6  1-0

[Event "IV Stadium Casablanca Open"]
[Site "Zaragoza ESP"]
[Date "2010.12.23"]
[Round "1.1"]
[White "Oms Pallisse,J"]
[Black "Royo Onde,M"]
[Result "1-0"]
[WhiteElo "2528"]
[BlackElo "1856"]

1.d4 d5 2.c4 e6 3.Nc3 c6 4.e3 Nf6 5.Nf3 Nbd7 6.Bd3 dxc4 7.Bxc4 b5 8.Bd3 a6
9.a4 b4 10.Ne4 Bb7 11.Nxf6+ gxf6 12.O-O c5 13.Qe2 Be7 14.Rd1 Qc7 15.Bd2 h5
16.a5 Rg8 17.Kh1 h4 18.h3 f5 19.Rdc1 Nf6 20.dxc5 Qc6 21.Rc4 O-O-O 22.Rd4 Nd5
23.e4 fxe4 24.Bxe4 Bf6 25.Rxb4  1-0

[Event "IV Stadium Casablanca Open"]
[Site "Zaragoza ESP"]
[Date "2010.12.24"]
[Round "2.1"]
[White "Adla,D"]
[Black "Maza Broto,P"]
[Result "1-0"]
[WhiteElo "2511"]
[BlackElo "2063"]

1.d4 d5 2.c4 c6 3.Nc3 Nf6 4.Nf3 e6 5.e3 Nbd7 6.Qc2 a6 7.e4 Nxe4 8.Nxe4 dxe4
9.Qxe4 Nf6 10.Qc2 c5 11.dxc5 Bxc5 12.Bd3 Qc7 13.O-O Bd7 14.Bg5 h6 15.Bh4 Nh5
16.Rfe1 g5 17.Bg3 Nxg3 18.hxg3 O-O-O 19.Rab1 g4 20.b4 gxf3 21.bxc5 Qxc5 22.Be4 Bc6
23.Bxf3 Bxf3 24.gxf3 Rhg8 25.Kg2 Rd4 26.Re4 Rgd8 27.Rxd4 Rxd4 28.Qb2 Rd7
29.Qh8+ Kc7 30.Qxh6 Qf5 31.Re1 Qc2 32.Qf4+ Kc8 33.Rh1 Rd8 34.Rh5 b6 35.c5 bxc5
36.Qxf7  1-0

[Event "Schaakfestival Open A"]
[Site "Groningen NED"]
[Date "2010.12.26"]
[Round "5"]
[White "Bluvshtein,M"]
[Black "Van Kampen,R"]
[Result "1-0"]
[WhiteElo "2587"]
[BlackElo "2454"]

1.d4 d5 2.c4 c6 3.Nc3 Nf6 4.e3 e6 5.Nf3 Nbd7 6.Qc2 Bd6 7.g4 h6 8.h3 b5 9.cxd5 exd5
10.Bd2 Nb6 11.Bd3 Qe7 12.O-O-O Nc4 13.Kb1 Rb8 14.e4 b4 15.Nxd5 cxd5 16.e5 Nxd2+
17.Rxd2 O-O 18.exd6 Qxd6 19.Ne5 Ba6 20.Qc6 Bxd3+ 21.Rxd3 Qd8 22.Rc1 Rc8 23.Qxc8 Qxc8
24.Rxc8 Rxc8 25.f3 Nh7 26.a3 Ng5 27.axb4 Nxh3 28.Ra3 Rc7 29.b5 Rb7 30.Ra5 Ng5
31.Kc2 f6 32.Nc6 Nxf3 33.Kc3 f5 34.gxf5 h5 35.Kd3 Nh4 36.Rxa7 Rxb5 37.Ne7+ Kf8
38.Kc3 Rb8 39.b4 Re8 40.f6 gxf6 41.Nxd5 Nf5 42.b5 Rc8+ 43.Kd3 Rb8 44.b6 Nd6
45.Nxf6 Rb7 46.Nd7+ Ke8 47.Rxb7 Nxb7 48.Nc5 Na5 49.b7 Nc6 50.Na6 h4 51.Ke3 h3
52.Kf3 Kd7 53.d5 Nb8 54.Nxb8+ Kc7 55.Nc6 Kxb7 56.Kg3  1-0

[Event "Czech Chess Christmas 2010-11"]
[Site "Litomysl CZE"]
[Date "2010.12.26"]
[Round "1.18"]
[White "Danada,T"]
[Black "Volodin,V"]
[Result "0-1"]
[WhiteElo "1856"]
[BlackElo "2223"]

1.d4 d5 2.c4 e6 3.Nc3 c6 4.Nf3 Nf6 5.e3 Nbd7 6.Bd3 dxc4 7.Bxc4 b5 8.Be2 Bb7
9.O-O a6 10.a3 c5 11.dxc5 Bxc5 12.b4 Be7 13.Bb2 O-O 14.Qb3 Qb8 15.h3 Nb6
16.Rac1 Rc8 17.Nb1 Bd5 18.Rxc8+ Qxc8 19.Qd1 Qb7 20.Nbd2 Rc8 21.Qa1 Na4 22.Bd4 Qc6
23.Rd1 Nc3 24.Bxc3 Qxc3 25.Qxc3 Rxc3 26.Ra1 Bc6 27.Nd4 Bd7 28.N4b3 e5 29.Rc1 Rxc1+
30.Nxc1 Nd5 31.Ncb3 f5 32.e4 Nc3 33.Bf3 f4 34.Bg4 Bxg4 35.hxg4 Kf7 36.f3 g6
37.Kh2 Ne2 38.Nb1 Ke6 39.Kh3 Nd4 40.N1d2 Nc2 41.Nb1 Nxb4 42.axb4 Bxb4 43.Kh2 a5
44.Kg1 a4 45.Nc1 Kd6 46.Kf2 Kc5 47.Ke2 Kc4 48.Kd1 h5 49.gxh5 gxh5 50.Na2 Ba5
51.Nc1 Bb4 52.Na2 Bc5 53.Nc1 b4 54.Kc2 b3+ 55.Kb2 Bb4 56.Ne2 Be1 57.Nc1 Kd4
58.Ka3 Ke3 59.Kxa4 b2 60.Nb3 Kf2 61.N3d2 Bxd2 62.Nxd2 Kxg2 63.Kb3 h4 64.Kxb2 h3
65.Nc4 h2 66.Nxe5 h1=Q  0-1

[Event "Amitan Memorial"]
[Site "Donetsk UKR"]
[Date "2010.12.27"]
[Round "11"]
[White "Goganov,A"]
[Black "Savchenko,S"]
[Result "1-0"]
[WhiteElo "2478"]
[BlackElo "2539"]

1.d4 d5 2.c4 c6 3.Nc3 Nf6 4.e3 e6 5.Nf3 Nbd7 6.Qc2 Bd6 7.Bd3 dxc4 8.Bxc4 O-O
9.O-O a6 10.Rd1 b5 11.Bd3 Qc7 12.Bd2 Bb7 13.b4 e5 14.Ne4 Nxe4 15.Bxe4 h6
16.Rac1 exd4 17.Nxd4 Nf6 18.Bxc6 Bxh2+ 19.Kf1 Be5 20.Bxb7 Qxb7 21.Qc6 Qe7
22.Nf5 Qe6 23.Qxe6 fxe6 24.Ne7+ Kh7 25.Nc6 Bb2 26.Rc2 Rac8 27.Be1 Nd5 28.Kg1 Bf6
29.Rdc1 Nb6 30.Na5 Rxc2 31.Rxc2 Rd8 32.Kf1 Rd1 33.Ke2 Rb1 34.Rc6 Nd5 35.Rxa6 Nxb4
36.Bxb4 Rxb4 37.Nb3 Kg8 38.Kf3 Kf7 39.Nc5 e5 40.g4 Rc4 41.Ne4 Be7 42.Ra5 Rb4
43.Nc3 Rc4 44.Nxb5 Kg6 45.Ra6+ Kf7 46.Ra7 Kf6 47.a4 Bb4 48.a5 e4+ 49.Kg3 Rc2
50.Nd4 Ra2 51.a6 Bd6+ 52.Kg2 Bc5 53.Ra8 Bxd4 54.exd4 e3 55.Kf1 exf2 56.d5 Kg5
57.d6 Kxg4 58.d7 Kg3 59.Rf8 Rxa6 60.d8=Q Ra1+ 61.Ke2 Re1+ 62.Kd2 f1=Q 63.Qc7+ Kh3
64.Rxf1 Rxf1 65.Qxg7 Rf3 66.Qxh6+ Kg2 67.Qh4 Rf2+ 68.Ke3 Rf3+ 69.Ke2 Rg3
70.Qe4+ Kg1 71.Qd4+ Kg2 72.Qh4 Rh3 73.Qf2+ Kh1 74.Kf1 Rg3 75.Qf6 Rg1+ 76.Kf2 Rg2+
77.Kf3 Kg1 78.Qh4 Rg8 79.Qd4+ Kh2 80.Qd2+ Kh1 81.Qc1+ Kh2 82.Qc2+  1-0

[Event "North American Open"]
[Site "Las Vegas USA"]
[Date "2010.12.27"]
[Round "2"]
[White "Yanayt,E"]
[Black "Siddharth,R"]
[Result "1/2-1/2"]
[WhiteElo "2212"]
[BlackElo "2463"]

1.d4 d5 2.c4 c6 3.Nf3 Nf6 4.Nc3 e6 5.e3 Nbd7 6.Qc2 Bd6 7.b3 O-O 8.Bb2 b6
9.Be2 Bb7 10.O-O Qe7 11.Rfe1 Rfe8 12.Bf1 dxc4 13.bxc4 c5 14.Nb5 Bxf3 15.Nxd6 Qxd6
16.gxf3 cxd4 17.Bxd4 e5 18.Bb2 Qe6 19.Red1 Rac8 20.a4 a5 21.Ba3 Nc5 22.Rab1 Qc6
23.Rb5 Qxf3 24.Rxb6 Qg4+ 25.Bg2 Ncd7 26.Rb7 Rxc4 27.Qb3 Rc3 28.Qxc3 Qxd1+
29.Bf1 Qg4+ 30.Bg2 Qd1+ 31.Bf1 Qg4+ 32.Bg2 Qd1+ 33.Bf1  1/2-1/2

[Event "3rd Marseille Open"]
[Site "Marseille FRA"]
[Date "2010.12.27"]
[Round "3"]
[White "Maze,S"]
[Black "Mullon,J"]
[Result "0-1"]
[WhiteElo "2571"]
[BlackElo "2422"]

1.d4 d5 2.c4 c6 3.Nc3 Nf6 4.e3 e6 5.Nf3 Nbd7 6.Qc2 Bd6 7.g4 h6 8.Rg1 e5 9.cxd5 cxd5
10.Nb5 Bb8 11.g5 hxg5 12.Nxg5 e4 13.Bd2 a6 14.Rc1 Bxh2 15.Nc7+ Qxc7 16.Qxc7 Bxc7
17.Rxc7 O-O 18.Bb4 Re8 19.Kd2 b6 20.Bd6 b5 21.b3 Rb8 22.Bh3 Rb7 23.Rc2 Nb6
24.Be5 Kf8 25.Bxc8 Rxc8 26.Rxc8+ Nxc8 27.Nh7+ Nxh7 28.Rxg7 Ke7 29.Rxh7 Rb6
30.Bc7 Rc6 31.Ba5 Nd6 32.Rh5 f5 33.Bb4 Ke6 34.Rh6+ Kd7 35.Rf6 Nc4+ 36.bxc4 Rxf6
37.c5 Rh6 38.Ke2 Rh1 39.Be1 Kc6 40.a3 Rh3 41.Kf1 Rh1+ 42.Ke2 f4 43.exf4 Rh3  0-1

[Event "Rilton Cup 2010-11"]
[Site "Stockholm SWE"]
[Date "2010.12.27"]
[Round "1"]
[White "Bazeev,G"]
[Black "Hillarp Persson,T"]
[Result "0-1"]
[WhiteElo "2334"]
[BlackElo "2528"]

1.d4 d5 2.c4 c6 3.Nf3 Nf6 4.Nc3 e6 5.e3 Nbd7 6.Bd3 dxc4 7.Bxc4 b5 8.Bd3 Bb7
9.e4 b4 10.Na4 c5 11.e5 Nd5 12.Nxc5 Nxc5 13.dxc5 Bxc5 14.O-O h6 15.Nd2 Nc3
16.Qc2 Qd5 17.Nf3 Rd8 18.Ne1 Bd4 19.Bd2 Nb5 20.Bxb4 Bxe5 21.Bc4 Qc6 22.Qe2 Nd4
23.Qxe5 Qxc4 24.Qxg7 Qxb4 25.Qxh8+ Ke7 26.Qxh6 Rg8 27.f3 Qxb2 28.Qh4+ Ke8
29.Rd1 Bxf3 30.Rf2 Ne2+ 31.Kh1 Bd5 32.Qa4+ Kf8 33.Qc2 Qxc2 34.Nxc2 Nc3 35.Ra1 Ne4
36.Rf4 e5 37.Rh4 Nf2+ 38.Kg1 Rxg2+ 39.Kf1 Ng4 40.Rd1 Nxh2+ 41.Rxh2 Rxh2 42.Rxd5 Rxc2
43.a4 Ra2 44.Ra5 Kg7 45.Rxa7 Kg6 46.Ra8 Kg5 47.a5 f5 48.a6 Kf4 49.a7 e4  0-1

[Event "North American Open"]
[Site "Las Vegas USA"]
[Date "2010.12.28"]
[Round "4"]
[White "Kelley,D"]
[Black "Siddharth,R"]
[Result "0-1"]
[WhiteElo "2167"]
[BlackElo "2463"]

1.d4 d5 2.c4 c6 3.Nc3 Nf6 4.e3 e6 5.Nf3 Nbd7 6.Qc2 Bd6 7.Bd3 h6 8.O-O O-O
9.b3 b6 10.Bb2 Bb7 11.Rfd1 Qe7 12.Qe2 Rad8 13.Rac1 Rfe8 14.e4 dxe4 15.Nxe4 Nxe4
16.Bxe4 f5 17.Bb1 c5 18.dxc5 Nxc5 19.Ne5 Ne4 20.Bxe4 Bxe4 21.f3 Bxe5 22.fxe4 Qc5+
23.Kh1 Bxb2 24.Qxb2 fxe4 25.Qe2 e3 26.Re1 Rd2 27.Qxe3 Qxe3 28.Rxe3 Rxa2 29.b4 Rb2
30.b5 Rc8 31.Rec3 Rc5 32.h4 Rh5 33.Rh3 Rc5 34.Rhc3 Kh7 35.Kh2 Rh5 36.Kh3 Rc5
37.Rd1 Rc7 38.Rdc1 Kg8 39.g4 Rc5 40.Kg3 Rc7 41.R1c2 Rxc2 42.Rxc2 e5 43.Re2 Rc5
44.Kf3 Kf7 45.Ra2 Rc7 46.Rc2 Ke6 47.Ke4 Rf7 48.Ra2 Kd6 49.g5 hxg5 50.hxg5 g6
51.Rh2 Rf4+ 52.Kd3 Kc5 53.Rh6 Rxc4 54.Rxg6 Rg4  0-1

[Event "North American Open"]
[Site "Las Vegas USA"]
[Date "2010.12.28"]
[Round "5"]
[White "Ibragimov,I"]
[Black "Veech,John"]
[Result "1-0"]
[WhiteElo "2557"]
[BlackElo "2040"]

1.d4 d5 2.c4 c6 3.Nc3 Nf6 4.e3 e6 5.Nf3 Nbd7 6.Bd2 Bd6 7.Bd3 O-O 8.O-O e5
9.cxd5 cxd5 10.Nb5 Bb8 11.dxe5 Ng4 12.Bc3 a6 13.Nd6 f6 14.Bf5 Ndxe5 15.Nxc8 Nxf3+
16.Qxf3 Bxh2+ 17.Kh1 Rxc8 18.Qxg4 Rc4 19.f4  1-0

[Event "3rd Marseille Open"]
[Site "Marseille FRA"]
[Date "2010.12.29"]
[Round "7"]
[White "Mirzoev,A"]
[Black "Goldsztejn,Gi"]
[Result "1-0"]
[WhiteElo "2546"]
[BlackElo "2435"]

1.d4 d5 2.c4 c6 3.Nc3 Nf6 4.e3 e6 5.Nf3 Nbd7 6.b3 Bd6 7.Be2 O-O 8.O-O dxc4
9.bxc4 e5 10.Bb2 Re8 11.Re1 e4 12.Nd2 Nf8 13.a4 Ng6 14.Ba3 Bb8 15.Nf1 Qa5
16.Qc2 Qg5 17.Rad1 h5 18.Ng3 Nh4 19.d5 Be5 20.dxc6 bxc6 21.Bd6 Nxg2 22.Kxg2 h4
23.Bxe5 Rxe5 24.Rd8+ Ne8 25.Rd4 hxg3 26.hxg3 Bf5 27.Rh1 Nf6 28.Qd1 Rae8 29.Rh4 g6
30.Rd6 R5e6 31.Rxe6 Rxe6 32.Qd8+ Re8 33.Qd6 c5 34.a5 Kg7 35.Nb5 Ng4 36.Qxc5 Qf6
37.Rxg4 Bxg4 38.Bxg4 Rd8 39.Nd4 a6 40.Qc6 Qxc6 41.Nxc6 Rd6 42.Nd4 Kf8 43.Bc8 Ke8
44.Bb7 Kd8 45.c5 Rf6 46.c6  1-0

[Event "Czech Chess Christmas 2010-11"]
[Site "Litomysl CZE"]
[Date "2010.12.30"]
[Round "6.13"]
[White "Kotva,M"]
[Black "Weissmann,L"]
[Result "0-1"]
[WhiteElo "2070"]
[BlackElo "2146"]

1.d4 Nf6 2.Nf3 d5 3.c4 c6 4.Nc3 e6 5.e3 Nbd7 6.cxd5 exd5 7.Bd3 Bd6 8.O-O O-O
9.Qc2 Re8 10.Bd2 Qe7 11.Rfe1 Ne4 12.a3 Nf8 13.b4 a6 14.h3 Ng6 15.Bf1 Qf6
16.Be2 Bf5 17.Qb2 Nh4 18.Nxe4 Nxf3+ 19.Bxf3 dxe4 20.Be2 Qh4 21.Bf1 Re6 22.Bc3 Rf6
23.Kh1 Bxh3  0-1

[Event "Rilton Cup 2010-11"]
[Site "Stockholm SWE"]
[Date "2010.12.30"]
[Round "4"]
[White "Bouaraba,M"]
[Black "Pettersson,An"]
[Result "0-1"]
[WhiteElo "2219"]
[BlackElo "2127"]

1.d4 Nf6 2.Nf3 e6 3.c4 d5 4.Nc3 c6 5.e3 Nbd7 6.Bd3 dxc4 7.Bxc4 b5 8.Bd3 a6
9.a4 Bb7 10.Bd2 Bd6 11.O-O O-O 12.Qe2 b4 13.Na2 c5 14.e4 cxd4 15.Bxb4 Bxb4
16.Nxb4 a5 17.Nc2 Nc5 18.e5 Nd5 19.Ncxd4 Nf4 20.Bxh7+ Kxh7 21.Qc2+ Nfd3 22.Rfd1 Be4
23.Qd2 Kg8 24.Ra3 Rb8 25.Qe3 Nxb2 26.Rc1 Nbd3 27.Rd1 Qb6 28.Ng5 Bg6 29.h4 Qb2
30.Raa1 Rb4 31.Nc6 Rxh4 32.Rab1 Qc2 33.Qg3 Rh6 34.Qf3 Nxf2 35.Ne7+ Kh8 36.Nxg6+ Qxg6
37.Qxf2 Qxg5 38.Qxc5 Ra8 39.Rd3 Qf4 40.Rf3 Qh2+ 41.Kf2 Qh4+ 42.Kg1 Qh1+  0-1

[Event "Czech Chess Christmas 2010-11"]
[Site "Litomysl CZE"]
[Date "2010.12.31"]
[Round "7.18"]
[White "Galvanek,L"]
[Black "Kaczmarek,M"]
[Result "1/2-1/2"]
[WhiteElo "2091"]
[BlackElo "2009"]

1.d4 Nf6 2.c4 e6 3.Nf3 d5 4.Nc3 c6 5.e3 Nbd7 6.Bd3 dxc4 7.Bxc4 b5 8.Be2 Bb7
9.e4 b4 10.e5 Nd5 11.Nxd5 cxd5 12.Bd2 Qb6 13.O-O Be7 14.Qb3 a5 15.a4 bxa3
16.Qxb6 Nxb6 17.Bb5+ Kf8 18.bxa3 Ba6 19.Bxa6 Rxa6 20.Rfb1 f6 21.Rb5 Kf7 22.Bxa5 Nc4
23.Bb4 Bxb4 24.Rxb4 Rxa3 25.Rxa3 Nxa3 26.Rb7+ Kg6 27.Re7 Rb8 28.g3 Rb6 29.Kg2 Nc4
30.Nh4+ Kh6 31.Nf3 Kg6 32.Nh4+ Kh6 33.Nf3 Kg6  1/2-1/2

[Event "23rd Staufer-Open"]
[Site "Leinzell GER"]
[Date "2011.01.02"]
[Round "2"]
[White "Rau,H"]
[Black "Foermes,A"]
[Result "1-0"]
[WhiteElo "2449"]
[BlackElo "2100"]

1.d4 d5 2.c4 e6 3.Nc3 c6 4.e3 Nf6 5.Nf3 Nbd7 6.Bd3 dxc4 7.Bxc4 b5 8.Bd3 Bb7
9.O-O a6 10.e4 c5 11.d5 c4 12.Bc2 Qc7 13.Re1 e5 14.Bg5 Bd6 15.Qd2 h6 16.Bh4 g5
17.Bg3 Nh5 18.Nd1 Nf4 19.Ne3 a5 20.Rec1 f6 21.a4 Bb4 22.Qd1 c3 23.bxc3 Bxc3
24.Bb3 b4 25.Bxf4 gxf4 26.d6 Qb8 27.Nd5 Bxa1 28.Nc7+ Kd8 29.Ne6+ Ke8 30.Nfd4 Rh7
31.Qh5+ Rf7 32.Ng7+ Kd8 33.Nde6+  1-0

[Event "XXII Open"]
[Site "Villa De Roquetas ESP"]
[Date "2011.01.02"]
[Round "1"]
[White "Peralta,Fe"]
[Black "Capel Fernandez,M"]
[Result "1-0"]
[WhiteElo "2603"]
[BlackElo "1976"]

1.d4 d5 2.c4 c6 3.Nf3 Nf6 4.Nc3 e6 5.e3 Nbd7 6.Bd3 dxc4 7.Bxc4 b5 8.Bd3 a6
9.e4 c5 10.d5 Qc7 11.O-O Bb7 12.Bg5 c4 13.Bc2 Bd6 14.Re1 O-O-O 15.b3 b4 16.Na4 c3
17.a3 bxa3 18.Re3 Bb4 19.Qd4 a5 20.Nxc3 Qc5 21.Qd3 Ng4 22.Na4 Qc7 23.Ree1 f6
24.Rec1 Nde5 25.Nxe5 Qxe5 26.Bd1+ Kb8 27.Bxg4 fxg5 28.Nb6 exd5 29.exd5 Rxd5
30.Nxd5 Qxd5 31.Qh3 h5 32.Bf3 Qxb3 33.Qg3+ Ka7 34.Qc7 Rb8 35.Rcb1 Qd3 36.Rxb4 axb4
37.Qc5+ Ka8 38.Qa5+  1-0

[Event "53rd Masters"]
[Site "Reggio Emilia ITA"]
[Date "2011.01.03"]
[Round "6"]
[White "Caruana,F"]
[Black "Vallejo Pons,F"]
[Result "1/2-1/2"]
[WhiteElo "2709"]
[BlackElo "2698"]

1.d4 d5 2.c4 c6 3.Nc3 Nf6 4.e3 e6 5.Nf3 Nbd7 6.Bd3 dxc4 7.Bxc4 b5 8.Bd3 Bd6
9.O-O a6 10.e4 e5 11.Ne2 c5 12.d5 c4 13.Bc2 O-O 14.Ng3 Re8 15.Nh4 Nc5 16.Nhf5 Bf8
17.Qf3 h6 18.Bd2 Nb7 19.b3 Bxf5 20.Nxf5 Nd6 21.Nxd6 Qxd6 22.bxc4 Rec8 23.Rfc1 Rxc4
24.Bd3 Rcc8  1/2-1/2

[Event "37th ch-IND w"]
[Site "Bhubaneswar IND"]
[Date "2011.01.04"]
[Round "10"]
[White "Swati,M"]
[Black "Aparajita,G"]
[Result "0-1"]
[WhiteElo "2090"]
[BlackElo "1871"]

1.d4 d5 2.c4 c6 3.Nf3 Nf6 4.e3 e6 5.Nc3 Nbd7 6.Qc2 Bd6 7.b3 O-O 8.Bb2 Qa5
9.c5 Be7 10.a3 Qc7 11.b4 b6 12.cxb6 axb6 13.Rc1 Bb7 14.Be2 Rfc8 15.O-O Ba6
16.h3 Qb7 17.Rfd1 Bxe2 18.Qxe2 c5 19.bxc5 bxc5 20.Rb1 Qa6 21.Qxa6 Rxa6 22.dxc5 Bxc5
23.Nb5 Nb6 24.Bd4 Ne4 25.Rd3 Nc4 26.Ne5 Bxd4 27.Nxc4 Bc5 28.Nb2 Rb8 29.a4 Be7
30.f3 Nc5 31.Rc3 Nxa4 32.Nxa4 Rxa4 33.Kh2 Rb4 34.Rxb4 Bxb4 35.Rc6 Rxb5 36.Rc8+ Bf8
37.Kg3 g6 38.Kf4 Kg7 39.Kg3 Rc5 40.Rd8 Rc3 41.Kf4 g5+ 42.Kg4 Rxe3 43.Kg3 Re2
44.Rd7 Bc5 45.Kg4 Rxg2+ 46.Kh5 Be3 47.f4 gxf4 48.h4 Rf2 49.Rb7 Rf1 50.Rb3 d4
51.Rb5 f3 52.Rf5 f2 53.Rf3 Rd1 54.Rg3+ Kf8 55.Rg1 f1=Q 56.Rg4 Qf5+  0-1